<?xml version="1.0" encoding="UTF-8"?>
<record
    xmlns:xsi="http://www.w3.org/2001/XMLSchema-instance"
    xsi:schemaLocation="http://www.loc.gov/MARC21/slim http://www.loc.gov/standards/marcxml/schema/MARC21slim.xsd"
    xmlns="http://www.loc.gov/MARC21/slim">

  <leader>00786nam a22002417a 4500</leader>
  <datafield tag="999" ind1=" " ind2=" ">
    <subfield code="c">4393</subfield>
    <subfield code="d">4393</subfield>
  </datafield>
  <controlfield tag="001">19234</controlfield>
  <controlfield tag="003">BD-DhUAP</controlfield>
  <controlfield tag="005">20220331112018.0</controlfield>
  <controlfield tag="008">201109s2015    bg a|||| |||| 00| 0 eng d</controlfield>
  <datafield tag="020" ind1=" " ind2=" ">
    <subfield code="a">9789848920169</subfield>
  </datafield>
  <datafield tag="040" ind1=" " ind2=" ">
    <subfield code="a">BD-DhUAP</subfield>
    <subfield code="b">Eng</subfield>
    <subfield code="c">BD-DhUAP</subfield>
    <subfield code="d">BD-DhUAP</subfield>
  </datafield>
  <datafield tag="082" ind1=" " ind2=" ">
    <subfield code="2">23</subfield>
    <subfield code="a">628.3095492 SAE</subfield>
  </datafield>
  <datafield tag="100" ind1=" " ind2=" ">
    <subfield code="a">Saeed, Tanveer Ferdous.</subfield>
  </datafield>
  <datafield tag="245" ind1=" " ind2=" ">
    <subfield code="a">Environmental Sanitation, wastewater treatment and disposal /</subfield>
    <subfield code="c">Tanveer Ferdous Saeed, Abdullah Al-Muyeed and Tanvir Ahmed.</subfield>
  </datafield>
  <datafield tag="260" ind1=" " ind2=" ">
    <subfield code="a">Dhaka, Bangladesh :</subfield>
    <subfield code="b">UGC, </subfield>
    <subfield code="c">2015.</subfield>
  </datafield>
  <datafield tag="300" ind1=" " ind2=" ">
    <subfield code="a">xvi, 375 pages :</subfield>
    <subfield code="b">illustrations ;</subfield>
    <subfield code="c">24 cm.</subfield>
  </datafield>
  <datafield tag="650" ind1=" " ind2=" ">
    <subfield code="a">Water </subfield>
    <subfield code="v">Purification.</subfield>
  </datafield>
  <datafield tag="650" ind1=" " ind2=" ">
    <subfield code="a">Sewage</subfield>
    <subfield code="v">Purification</subfield>
    <subfield code="z">Bangladesh.</subfield>
  </datafield>
  <datafield tag="650" ind1=" " ind2=" ">
    <subfield code="a">Water reuse.</subfield>
  </datafield>
  <datafield tag="700" ind1=" " ind2=" ">
    <subfield code="a">Al-Muyeed, Abdullah.</subfield>
  </datafield>
  <datafield tag="700" ind1=" " ind2=" ">
    <subfield code="a">Ahmed, Tanvir.</subfield>
  </datafield>
  <datafield tag="942" ind1=" " ind2=" ">
    <subfield code="2">ddc</subfield>
    <subfield code="c">BK</subfield>
  </datafield>
  <datafield tag="952" ind1=" " ind2=" ">
    <subfield code="0">0</subfield>
    <subfield code="1">0</subfield>
    <subfield code="2">ddc</subfield>
    <subfield code="4">0</subfield>
    <subfield code="7">0</subfield>
    <subfield code="a">UAPCL</subfield>
    <subfield code="b">UAPCL</subfield>
    <subfield code="c">General Stacks</subfield>
    <subfield code="d">2020-11-09</subfield>
    <subfield code="l">4</subfield>
    <subfield code="m">7</subfield>
    <subfield code="o">628.3095492 SAE</subfield>
    <subfield code="p">3010019234</subfield>
    <subfield code="r">2025-11-06</subfield>
    <subfield code="s">2025-10-06</subfield>
    <subfield code="t">1</subfield>
    <subfield code="w">2020-11-09</subfield>
    <subfield code="y">BK</subfield>
  </datafield>
  <datafield tag="952" ind1=" " ind2=" ">
    <subfield code="0">0</subfield>
    <subfield code="1">0</subfield>
    <subfield code="2">ddc</subfield>
    <subfield code="4">0</subfield>
    <subfield code="7">0</subfield>
    <subfield code="a">UAPCL</subfield>
    <subfield code="b">UAPCL</subfield>
    <subfield code="c">General Stacks</subfield>
    <subfield code="d">2020-11-09</subfield>
    <subfield code="l">1</subfield>
    <subfield code="m">2</subfield>
    <subfield code="o">628.3095492 SAE</subfield>
    <subfield code="p">3010019229</subfield>
    <subfield code="r">2025-10-13</subfield>
    <subfield code="s">2025-08-19</subfield>
    <subfield code="t">2</subfield>
    <subfield code="w">2020-11-09</subfield>
    <subfield code="y">BK</subfield>
  </datafield>
  <datafield tag="952" ind1=" " ind2=" ">
    <subfield code="0">0</subfield>
    <subfield code="1">0</subfield>
    <subfield code="2">ddc</subfield>
    <subfield code="4">0</subfield>
    <subfield code="7">0</subfield>
    <subfield code="a">UAPCL</subfield>
    <subfield code="b">UAPCL</subfield>
    <subfield code="c">General Stacks</subfield>
    <subfield code="d">2020-11-09</subfield>
    <subfield code="l">5</subfield>
    <subfield code="m">8</subfield>
    <subfield code="o">628.3095492 SAE</subfield>
    <subfield code="p">3010019232</subfield>
    <subfield code="r">2025-11-04</subfield>
    <subfield code="s">2025-08-20</subfield>
    <subfield code="t">3</subfield>
    <subfield code="w">2020-11-09</subfield>
    <subfield code="y">BK</subfield>
  </datafield>
  <datafield tag="952" ind1=" " ind2=" ">
    <subfield code="0">0</subfield>
    <subfield code="1">0</subfield>
    <subfield code="2">ddc</subfield>
    <subfield code="4">0</subfield>
    <subfield code="7">0</subfield>
    <subfield code="a">UAPCL</subfield>
    <subfield code="b">UAPCL</subfield>
    <subfield code="c">General Stacks</subfield>
    <subfield code="d">2020-11-09</subfield>
    <subfield code="l">5</subfield>
    <subfield code="m">9</subfield>
    <subfield code="o">628.3095492 SAE</subfield>
    <subfield code="p">3010019236</subfield>
    <subfield code="r">2025-11-23</subfield>
    <subfield code="s">2025-09-24</subfield>
    <subfield code="t">4</subfield>
    <subfield code="w">2020-11-09</subfield>
    <subfield code="y">BK</subfield>
  </datafield>
  <datafield tag="952" ind1=" " ind2=" ">
    <subfield code="0">0</subfield>
    <subfield code="1">0</subfield>
    <subfield code="2">ddc</subfield>
    <subfield code="4">0</subfield>
    <subfield code="7">0</subfield>
    <subfield code="a">UAPCL</subfield>
    <subfield code="b">UAPCL</subfield>
    <subfield code="c">General Stacks</subfield>
    <subfield code="d">2020-11-09</subfield>
    <subfield code="l">1</subfield>
    <subfield code="m">1</subfield>
    <subfield code="o">628.3095492 SAE</subfield>
    <subfield code="p">3010019237</subfield>
    <subfield code="r">2024-03-25</subfield>
    <subfield code="s">2024-03-03</subfield>
    <subfield code="t">5</subfield>
    <subfield code="w">2020-11-09</subfield>
    <subfield code="y">BK</subfield>
  </datafield>
  <datafield tag="952" ind1=" " ind2=" ">
    <subfield code="0">0</subfield>
    <subfield code="1">0</subfield>
    <subfield code="2">ddc</subfield>
    <subfield code="4">0</subfield>
    <subfield code="7">0</subfield>
    <subfield code="a">UAPCL</subfield>
    <subfield code="b">UAPCL</subfield>
    <subfield code="c">General Stacks</subfield>
    <subfield code="d">2020-11-09</subfield>
    <subfield code="o">628.3095492 SAE</subfield>
    <subfield code="p">3010019230</subfield>
    <subfield code="r">2020-11-22</subfield>
    <subfield code="t">6</subfield>
    <subfield code="w">2020-11-09</subfield>
    <subfield code="y">BK</subfield>
  </datafield>
  <datafield tag="952" ind1=" " ind2=" ">
    <subfield code="0">0</subfield>
    <subfield code="1">0</subfield>
    <subfield code="2">ddc</subfield>
    <subfield code="4">0</subfield>
    <subfield code="7">0</subfield>
    <subfield code="a">UAPCL</subfield>
    <subfield code="b">UAPCL</subfield>
    <subfield code="c">General Stacks</subfield>
    <subfield code="d">2020-11-09</subfield>
    <subfield code="l">8</subfield>
    <subfield code="m">10</subfield>
    <subfield code="o">628.3095492 SAE</subfield>
    <subfield code="p">3010019235</subfield>
    <subfield code="q">2026-02-08</subfield>
    <subfield code="r">2026-01-25</subfield>
    <subfield code="s">2026-01-25</subfield>
    <subfield code="t">7</subfield>
    <subfield code="w">2020-11-09</subfield>
    <subfield code="y">BK</subfield>
  </datafield>
  <datafield tag="952" ind1=" " ind2=" ">
    <subfield code="0">0</subfield>
    <subfield code="1">0</subfield>
    <subfield code="2">ddc</subfield>
    <subfield code="4">0</subfield>
    <subfield code="7">0</subfield>
    <subfield code="a">UAPCL</subfield>
    <subfield code="b">UAPCL</subfield>
    <subfield code="c">General Stacks</subfield>
    <subfield code="d">2020-11-09</subfield>
    <subfield code="l">6</subfield>
    <subfield code="m">6</subfield>
    <subfield code="o">628.3095492 SAE</subfield>
    <subfield code="p">3010019228</subfield>
    <subfield code="r">2026-02-22</subfield>
    <subfield code="s">2026-01-28</subfield>
    <subfield code="t">8</subfield>
    <subfield code="w">2020-11-09</subfield>
    <subfield code="y">BK</subfield>
  </datafield>
  <datafield tag="952" ind1=" " ind2=" ">
    <subfield code="0">0</subfield>
    <subfield code="1">0</subfield>
    <subfield code="2">ddc</subfield>
    <subfield code="4">0</subfield>
    <subfield code="7">0</subfield>
    <subfield code="a">UAPCL</subfield>
    <subfield code="b">UAPCL</subfield>
    <subfield code="c">General Stacks</subfield>
    <subfield code="d">2020-11-09</subfield>
    <subfield code="o">628.3095492 SAE</subfield>
    <subfield code="p">3010019231</subfield>
    <subfield code="r">2020-11-24</subfield>
    <subfield code="t">9</subfield>
    <subfield code="w">2020-11-09</subfield>
    <subfield code="y">BK</subfield>
  </datafield>
  <datafield tag="952" ind1=" " ind2=" ">
    <subfield code="0">0</subfield>
    <subfield code="1">0</subfield>
    <subfield code="2">ddc</subfield>
    <subfield code="4">0</subfield>
    <subfield code="7">0</subfield>
    <subfield code="a">UAPCL</subfield>
    <subfield code="b">UAPCL</subfield>
    <subfield code="c">General Stacks</subfield>
    <subfield code="d">2020-11-09</subfield>
    <subfield code="l">4</subfield>
    <subfield code="m">6</subfield>
    <subfield code="o">628.3095492 SAE</subfield>
    <subfield code="p">3010019233</subfield>
    <subfield code="r">2025-10-05</subfield>
    <subfield code="s">2025-08-18</subfield>
    <subfield code="t">10</subfield>
    <subfield code="w">2020-11-09</subfield>
    <subfield code="y">BK</subfield>
  </datafield>
</record>
